Joueurs français passés par Séville FC - Statistiques

Statistiques générales
  • Ce quiz a été pris 49 fois
  • Le résultat moyen est 6 sur 28
Statistiques - réponses
Années Matchs Nom % Correct
2013-2016 145 Kévin Gameiro
76%
2019-2022 133 Jules Koundé
66%
2016-2019 138 Wissam Ben Yedder
66%
2023- 93 Loïc Badé
54%
2015-2017 79 Adil Rami
51%
2015-2018 136 Steven Nzonzi
51%
2014-2017 67 Benoît Trémoulinas
37%
2017-2018 73 Clément Lenglet
37%
2016-2017 30 Samir Nasri
32%
2006-2012 239 Julien Escudé
27%
2022- 50 Tanguy Nianzou
24%
2024- 50 Lucien Agoumé
17%
2022 12 Anthony Martial
15%
2017-2020 22 Sébastien Corchia
15%
2018-2019 13 Maxime Gonalons
10%
2018-2021 17 Joris Gnagnon
7%
2008-2010 65 Sébastien Squillaci
7%
2014-2017 91 Timothée Kolodziejczak
5%
2008-2011 68 Abdoulay Konko
2%
2023-2024 34 Boubakary Soumaré
2%
2018-2022 32 Ibrahim Amadou
2%
2017-2018 9 Lionel Carole
2%
2010-2011 37 Mouhamadou Dabo
2%
1997-1998 31 Dominique Casagrande
0%
1934-1937 0 Elias Melul
0%
1948-1949 10 Georges Dard
0%
1997-1998 12 Jean-Manuel Thétis
0%
1989-1993 74 Juan Andrades
0%
Aucun quiz correspondant
Distribution des résultats
% des personnes avec chaque résultat
Percentile par nombre de réponses
Votre historique - résultats
Vous n’avez pas pris ce quiz